| 000 | 00498nam a2200157Ia 4500 | ||
|---|---|---|---|
| 008 | 151021s9999 xx 000 0 und d | ||
| 020 | _a9.7881814773e+012 | ||
| 050 | _aTA 340 .R67 2009 | ||
| 245 | _a_Introduction to Probability and Statistics for Engineers and Scientists(3rd ed) | ||
| 250 | _a3rd ed. | ||
| 260 | _aLondon Academic press 2009 | ||
| 300 | _axv, 624p. : ills. | ||
| 500 | _aincludes index | ||
| 650 | _a_Probability and Statistics | ||
| 980 | _a^d20110119 03:05:05^okilerai | ||
| 999 |
_c5725 _d5725 |
||